La crise de la Société des Nations (Record no. 25364)

MARC details
000 -LEADER
campo de control de longitud fija 00606nam a2200169 i 4500
001 - NÚMERO DE CONTROL
campo de control 25364
003 - IDENTIFICADOR DE NÚMERO DE CONTROL
campo de control ES-MaACL
005 - FECHA Y HORA DE LA ÚLTIMA TRANSACCIÓN
campo de control 20230906153240.0
007 - CAMPO FIJO DE DESCRIPCIÓN FÍSICA--INFORMACIÓN GENERAL
campo de control de longitud fija t|
008 - DATOS DE LONGITUD FIJA--INFORMACIÓN GENERAL
campo de control de longitud fija 021226s1933 hu ||||1| fre d
100 1# - ENTRADA PRINCIPAL--NOMBRE DE PERSONA
Nombre de persona Apponyi, Albert.
9 (RLIN) 22120
245 13 - MENCIÓN DEL TÍTULO
Título La crise de la Société des Nations
Resto del título : conference faite à Vienne le 28 janvier 1933 à l'Association autrichienne pour la Société des Nations /
Mención de responsabilidad, etc. Albert Apponyi.
260 ## - PUBLICACIÓN, DISTRIBUCIÓN, ETC.
Lugar de publicación, distribución, etc. Budapest :
Nombre del editor, distribuidor, etc. Société de la Nouvelle Revue de Hongrie,
Fecha de publicación, distribución, etc. 1933.
300 ## - DESCRIPCIÓN FÍSICA
Extensión 15 p. ;
Dimensiones 21 cm.
610 24 - PUNTO DE ACCESO ADICIONAL DE MATERIA--NOMBRE DE ENTIDAD CORPORATIVA
Nombre de entidad corporativa o nombre de jurisdicción como elemento de entrada Sociedad de Naciones.
9 (RLIN) 6682
852 ## - LOCALIZACIÓN
Ubicación ES-MaACL
Número de control de estantería 1784-F-13
Holdings
Estatus retirado Estado de pérdida Estado de daño No para préstamo Colección Biblioteca de origen Biblioteca actual Ubicación en estantería Fecha de adquisición Fuente de adquisición Total de préstamos Signatura topográfica completa Código de barras Visto por última vez Precio de reemplazo Tipo de ítem Koha
        Colección de folletos Biblioteca del Ateneo de Madrid Biblioteca del Ateneo de Madrid Depósito folletos 17/01/2008     1784-F-13 1026148 23/02/2023 23/02/2023 Folleto